| 000 | 00858nam0a22002531 4500 | ||
|---|---|---|---|
| 001 | rc\649052 | ||
| 005 | 20031121164946.0 | ||
| 035 | _a(NLR Aleph) 005889375 | ||
| 090 |
_a6161240 _c6161240 |
||
| 100 | _a20031121d1986 u |0rusy50 ca | ||
| 101 | 0 | _arus | |
| 102 | _aRU | ||
| 105 | _aa ||||||||| | ||
| 200 | 1 |
_aКонспект флоры мхов тундр Якутии _fАН СССР, Сиб. отд-ние, Якут. фил., Ин-т биологии |
|
| 210 |
_aЯкутск _cЯФ СО АН СССР _d1986 |
||
| 215 |
_a118, [1] с. _cил. _d20 |
||
| 320 | _aБиблиогр.: с. 107-108 | ||
| 320 | _aУказ. латин. назв. мхов: с. 109-118 | ||
| 700 | 1 |
_aСтепанова _bН. А. _gНелля Аюшеевна |
|
| 801 | 0 |
_aRU _bNLR _gpsbo |
|
| 801 | 1 |
_aRU _bELAR _2rusmarc |
|
| 852 |
_aNLR _j87-3/4668 |
||
| 942 | _cBOOK | ||
| 980 | _aNB | ||